[Event "WLS-chA 68th"]
[Site "Cardiff"]
[Date "2024.03.30"]
[Round "4"]
[White "Young, Alan J"]
[Black "Tuson, Jon"]
[Result "1-0"]
[WhiteElo "2028"]
[BlackElo "1891"]
[PlyCount "77"]
[EventDate "2024.03.29"]
[EventType "swiss"]
[EventRounds "7"]
[EventCountry "WLS"]
[SourceTitle "CB14_2024"]
[SourceDate "2024.04.01"]
[SourceVersion "1"]
[SourceVersionDate "2024.04.01"]
[SourceQuality "1"]

1. e4 d6 2. d4 Nf6 3. Nc3 g6 4. Bg5 Bg7 5. Qd2 c6 6. Bh6 Bxh6 7. Qxh6 Qa5 8. Qd2 b5 9. Bd3 Nbd7 10. Nf3 0-0 11. 0-0 b4 12. Ne2 Qc7 13. Qxb4 Rb8 14. Qc3 Nb6 15. Qd2 c5 16. c3 Bg4 17. Ne1 c4 18. Bc2 e5 19. f3 Bc8 20. f4 Nbd7 21. Rb1 Bb7 22. Ng3 h5 23. Nf3 Qd8 24. h3 exd4 25. cxd4 d5 26. exd5 Bxd5 27. f5 Qc7 28. Qf2 Qf4 29. Ne2 Qh6 30. Nc3 g5 31. Qg3 Bxf3 32. Rxf3 g4 33. Qf4 Qg7 34. Re3 Kh8 35. h4 g3 36. Rxg3 Ng4 37. Nd5 Rfe8 38. f6 Qg8 39. Rxg4 1-0